02346 a2200145 45000010006000000050017000060080041000230030015000640400040000790800060001192450177001792640036003565201744003921000064021365930920260407155847.0260407a1973 arg spa dAR-UNSa-BCEJYS aAR-UNSa-BCEJYSbspacAR-UNSa-BCEJYS a330.34(7/8)xDesarrollo Económico de América Latina10aEl desarrollo integrado de Centroamérica en la presente décadapBases y propuestas para el perfeccionamiento y la restructuraciónn del mercado común Centroamericano 1aBuenos Aires :bBID-INTALc1973 aTOMO I: 1. El desarrollo integrado en Centroamérica durante la década de 1960 – 2. La interdependencia de las variables integración y desarrollo y las perspectivas del desarrollo integrado en Centroamérica – 3. Una estrategia de desarrollo integrado para la próxima década – 4. Lineamientos de un plan de acción - Tomo III: 1. La constitución del Mercado Común Cetroamericano en la década de 1960. Arancel común y régimen de libre comercio - 2. Propuestas para perfeccionar la zona de libre comercio en la década de 1970. Arancel común y la constitución de la unión aduanera perfecta TOMO V: 1. El desarrollo de la agricultura durante la década 1960-1971 - 2. Perspectivas del desarrollo agrícola de los países Centroamericanos - 3. Estrategia para el desarrollo agrícola de los países Centroamericanos TOMO VIII: 1. La integración monetaria durante los últimos años - 2. Perspectiva de la integración monetaria para la presente década y plan de acción - 3. Lineamintos de una política comercial externa común - 4. Bases para una estrategia de desarrollo de las exportaciones no tradicionales de Centroamérica TOMO IX: 1. La movilización de recursos externos y su servicio - 2. El banco Centroaméricano de integración económica - 3. La inversión extranjera directa y la integración en Centroamércica - 4. El financiamiento de las instituciones regionales - 5. Mercado de capitales en Centroamérica TOMO X: 1. Introducción - 2. La evolución de las finanzas públicas en la década de 1960 - 3. Lineamientos básicos para un sistema tributario en Centroamérica - 4. El posible rol de mecanismo de compensación fiscal en Centroamérica 1 aInstituto para la Integración de América Latina (INTAL)